Derecho social : doctrina y legislación comparada del trabajo, bibliografia ... / León Martín-Granizo, Mariano González-Rothvoss doctrina y legislación comparada del trabajo, bibliografia ... / León Martín-Granizo, Mariano González-Rothvoss
Descripción Física:
559 p., [1] gràf. pleg., 1 suplement ; 23 cm
Otros Autores:
González-Rothvoss y Gil, Mariano
Materias:
Dret del treball -- Espanya
MARC
| LEADER | 00000nam a2200000Ia 4500 | ||
|---|---|---|---|
| 001 | 732 | ||
| 008 | 160829s1935 xx 000 0 cat d | ||
| 080 | |a D-1-68 | ||
| 100 | |a Martín-Granizo, León |9 38155 | ||
| 245 | |a Derecho social : |b doctrina y legislación comparada del trabajo, bibliografia ... / León Martín-Granizo, Mariano González-Rothvoss | ||
| 250 | |a 3a ed., puesta al día | ||
| 260 | |a Madrid : |b Ed. Reus, |c 1935 | ||
| 300 | |a 559 p., [1] gràf. pleg., 1 suplement ; |c 23 cm | ||
| 490 | |a Biblioteca sociológica de autores españoles y extranjeros ; 22 | ||
| 650 | 0 | |a Dret del treball |z Espanya |9 10697 | |
| 700 | |a González-Rothvoss y Gil, Mariano |9 38157 | ||
| 901 | |a Arxiu | ||
| 942 | |n 1 | ||
| 952 | |0 0 |1 0 |4 0 |6 D168 |7 1 |9 48299 |a Arxiu |b Arxiu |d 2016-12-01 |l 0 |o D-1-68 |p 732 |r 2016-12-01 00:00:00 |w 2016-12-01 |y ARXIU | ||
| 999 | |c 52105 |d 52105 | ||